LEADER 03194oam 2200529 450 001 9910484819703321 005 20210703211046.0 010 $a3-030-63457-4 024 7 $a10.1007/978-3-030-63457-5 035 $a(CKB)4100000011763300 035 $a(DE-He213)978-3-030-63457-5 035 $a(MiAaPQ)EBC6478504 035 $a(PPN)253859220 035 $a(EXLCZ)994100000011763300 100 $a20210703d2021 uy 0 101 0 $aeng 135 $aurnn|008mamaa 181 $ctxt$2rdacontent 182 $cc$2rdamedia 183 $acr$2rdacarrier 200 10$aSynergetic cities $einformation, steady state and phase transition : implications to urban scaling, smart cities and planning /$fHermann Haken, Juval Portugali 205 $a1st ed. 2021. 210 1$aCham, Switzerland :$cSpringer,$d[2021] 210 4$d©2021 215 $a1 online resource (XII, 260 p. 62 illus., 8 illus. in color.) 225 1 $aSpringer Series in Synergetics 311 $a3-030-63456-6 320 $aIncludes bibliographical references and index. 327 $aIntroduction -- Cities as hybrid complex systems -- Synergetics: A short reminder -- SIRN, IA and their conjunction (SIRNIA) -- Formalism I. Bottom-up approach: From parts to order parameters -- Steady states and the city -- Phase transitions -- Phase transitions and the city -- Smart cities -- Cognitive planning and professional planning -- Conclusions. 330 $aThe book offers a novel approach to the study of the complex dynamics of cities. It is based on (1) Synergetics as a science of cooperation and selforganization, (2) information theory including semantic and pragmatic aspects, and optimization principles, (3) a theory of steady state maintenance, and of (4) phase transition, i.e. qualitative changes of structure or behavior. From this novel theoretical vantage point, the book addresses particularly three issues that stand at the core of current discourse on cities: Urban Scaling, Smart Cities and City Planning. An important consequence of ?the 21st century as the age of cities?, is that the study of cities currently attracts scientists from a variety of disciplines, ranging from physics, mathematics and computer science, through urban studies, architecture, planning and human geography, to economics, psychology, sociology, public administration and more. The book is thus likely to attract scholars, researchers and students of these research domains, of complexity theories of cities, as well as of general complexity theory. In addition, it is directed also to practitioners of urbanism, city planning and urban design. 410 0$aSpringer series in synergetics. 606 $aTransportation engineering 606 $aTraffic engineering 606 $aComputational complexity 615 0$aTransportation engineering. 615 0$aTraffic engineering. 615 0$aComputational complexity. 676 $a629.04 700 $aHaken$b H.$017714 702 $aPortugali$b Juval 801 0$bMiAaPQ 801 1$bMiAaPQ 801 2$bUtOrBLW 906 $aBOOK 912 $a9910484819703321 996 $aSynergetic cities$92848986 997 $aUNINA LEADER 04250oam 2200637I 450 001 9910797218703321 005 20230814232356.0 010 $a0-429-91607-8 010 $a0-429-90184-4 010 $a0-429-47707-4 010 $a1-78241-266-2 035 $a(CKB)3710000000441457 035 $a(EBL)2082960 035 $a(SSID)ssj0001538941 035 $a(PQKBManifestationID)11863926 035 $a(PQKBTitleCode)TC0001538941 035 $a(PQKBWorkID)11528870 035 $a(PQKB)11692967 035 $a(MiAaPQ)EBC2082960 035 $a(Au-PeEL)EBL2082960 035 $a(CaPaEBR)ebr11074318 035 $a(CaONFJC)MIL809537 035 $a(OCoLC)913561933 035 $a(FINmELB)ELB142620 035 $a(EXLCZ)993710000000441457 100 $a20180611h20182015 uy 0 101 0 $aeng 135 $aur|n|---||||| 181 $ctxt 182 $cc 183 $acr 200 10$aMaps for psychoanalytic exploration /$fby Parthenope Bion Talamo 210 1$aBoca Raton, FL :$cRoutledge, an imprint of Taylor and Francis,$d[2018]. 210 4$d©2015. 215 $a1 online resource (285 p.) 300 $a"Karnac Books would like to thank the Melanie Klein Trust for their generous support in the translation of this title." 311 $a0-367-10254-4 311 $a1-78220-103-3 320 $aIncludes bibliographical references and index. 327 $aCOVER; CONTENTS; PREFACE; FOREWORD; INTRODUCTION; CHAPTER ONE Why we can't call ourselves Bionians (1987): notes on the life and work of W. R. Bion; CHAPTER TWO Psychoanalysis is a "poppy field" (1988): "vision" in analysis; a divertissement about the vertex; CHAPTER THREE Ps= D (1981); CHAPTER FOUR The role of the group with regard to the "unthinkability" of nuclear war (1987); CHAPTER FIVE On "non-therapeutic" groups (1989): the use of the "task" as a defence against anxieties 327 $aCHAPTER SIX Warum Krieg? (1990): the Freud-Einstein correspondence in the context of psychoanalytic social thoughtCHAPTER SEVEN Aggressiveness-bellicosity and belligerence (1991): passing from the mental state to active behaviour; CHAPTER EIGHT The creation of mental models (1992): basic and ephemeral models; CHAPTER NINE Experiences in Groups revisited (1992); CHAPTER TEN Some notes on the theories of structure and mental functioning underlying A Memoir of the Future by W. R. Bion (1993): festschrift for Francesco Corrao; CHAPTER ELEVEN From free-floating attention to dream work-? (1993) 327 $aCHAPTER TWELVE Inside and outside the transference: more versions of the same story (1995)-or: history versus geography?CHAPTER THIRTEEN The concept of the individual in the work of W. R. Bion, with particular reference to Cogitations (1996); CHAPTER FOURTEEN The two sides of the caesura (1996); CHAPTER FIFTEEN Bion and the group: knowing, learning, teaching (1996); CHAPTER SIXTEEN Bion's contribution to psychoanalysis (1996); CHAPTER SEVENTEEN Bion: a Freudian innovator (1997); CHAPTER EIGHTEEN Dreams (1998); CHAPTER NINETEEN From formless to form (1998) 327 $aCHAPTER TWENTY Laying low and saying (almost) nothing (1998)REFERENCES; FURTHER READING; INDEX 330 3 $aMaps for Psychoanalytic Exploration brings together the author's main works, until now published only in Italian. They are made available to a wider readership in this volume through a translation into English by Shaun Whiteside, supported by the generosity of the members of the Melanie Klein Trust. In these chapters the author explores important implications of her father's ideas at different levels of psychic and social organisation. Her writing is very clear and, as Dr Anna Bauzzi, the Editor of the Italian edition, writes in her Introduction, the quality of it makes many of Bion's ideas more accessible, without any reduction of their complexity. 606 $aPsychoanalysis 606 $aPsychoanalytic theory 615 0$aPsychoanalysis. 615 0$aPsychoanalytic theory. 676 $a616.8917 700 $aBion Talamo$b Parthenope$0408484 801 0$bFlBoTFG 801 1$bFlBoTFG 906 $aBOOK 912 $a9910797218703321 996 $aMaps for psychoanalytic exploration$93850495 997 $aUNINA